Trường Sa lời biển hát Thơ - văn

Ca khúc. Thơ. Văn xuôi. Mỹ thuật. Ảnh nghệ thuật. Kịch bản và vọng cổ

Αποθηκεύτηκε σε:
Λεπτομέρειες βιβλιογραφικής εγγραφής
Συγγραφή απο Οργανισμό/Αρχή: Văn nghệ sĩ thành phố Hồ Chí Minh
Μορφή: Βιβλίο
Γλώσσα:Vietnamese
Έκδοση: Tp.HCM Văn hóa - Văn nghệ Tp. Hồ Chí Minh 2014
Θέματα:
Ετικέτες: Προσθήκη ετικέτας
Δεν υπάρχουν, Καταχωρήστε ετικέτα πρώτοι!
Thư viện lưu trữ: Mạng thư viện Đại học Đà Nẵng
LEADER 01409nam a2200337 4500
001 000024130
003 20609
005 20161012081014.0
008 161010s2014 viesd
020 |a 9786046809739  |c 180000đ 
041 0 |a vie 
082 1 4 |a 895.92214  |b VĂN 
110 1 |a Văn nghệ sĩ thành phố Hồ Chí Minh 
245 1 0 |a Trường Sa lời biển hát  |b Thơ - văn  |c Văn nghệ sĩ thành phố Hồ Chí Minh 
260 |a Tp.HCM  |b Văn hóa - Văn nghệ Tp. Hồ Chí Minh  |c 2014 
300 |a 216 tr.  |b tranh ảnh màu  |c 24 cm. 
520 3 |a Ca khúc. Thơ. Văn xuôi. Mỹ thuật. Ảnh nghệ thuật. Kịch bản và vọng cổ 
650 0 4 |a Thơ Việt Nam  |y Thế kỷ 21  |z Việt Nam (Quần đảo Trường Sa) 
650 0 4 |a Văn học Việt Nam  |x Thi ca  |y Thế kỷ 21  |z Việt Nam (Quần đảo Trường Sa) 
653 |a Văn học Việt Nam 
653 |a Quần đảo Trường Sa (Việt Nam) 
OWN |a LSP 
AVA |a UDN50  |b LSP  |d 895.92214 VĂN  |e available  |t Error 5001 Not defined in file expand_doc_bib_avail.  |f 10  |g 0  |h N  |i 0  |k 1 
999 |a From the UDN01 
AVA |a UDN50  |b LSP  |d 895.92214 VĂN  |e available  |t Error 5001 Not defined in file expand_doc_bib_avail.  |f 10  |g 0  |h N  |i 0  |k 1 
TYP |a Monograph 
TYP |a Printed language 
980 |a Mạng thư viện Đại học Đà Nẵng